| 000 | 00384nam a2200145Ia 4500 | ||
|---|---|---|---|
| 008 | 150201s2007 xx 000 0 und d | ||
| 082 |
_a617.6342 _bR2007W |
||
| 100 | _aWALMELEY A,DAMIE | ||
| 245 | _aRESTORATIVE DENTISTRY | ||
| 250 | _a2ND | ||
| 260 |
_bCHURCHILL LIVINGSTONE _aEDINBURGH _c2007 |
||
| 300 | _a1-229 | ||
| 650 | _aCONSERVATIVE DENTISTRY & ENDODONTICS | ||
| 942 |
_2ddc _cBK |
||
| 999 |
_c3770 _d3770 |
||